Outer Banks Season 1 Episode 10 Quiz - Statistics

General Stats
  • This quiz has been taken 89 times
  • The average score is 6 of 16
Answer Stats
Question Answer % Correct
Who won't Ward leave without? Sarah
97%
What name does Sarah sign her note for John B with? Val
91%
Who does Kiara kiss? Pope
85%
What does Sarah use to get the attention of a ship? gold
59%
What direction does John B head with take them into the storm? South
56%
What government agency arrives to help? The SBI
53%
What is the name of this episode? The Phantom
48%
What mental health condition does Ward tell the SBI has made his daughter claim that John B is innocent? Bipolar disorder
44%
Who finds out that Rafe shot Sheriff Peterkin? Barry
35%
What does JJ call Kiara's mom? Miss Anna
23%
What is the name of the tropical storm about to hit the Outer Banks? Danielle
18%
The Phantom is the first boat to make it to what island in the Caribbean, in under 16 hours? Bermuda
14%
Barry tells Rafe that his little sister and her friends still have his _______. cabbage
9%
What type of vehicle does Shoupe announce that John B is driving in? A Kildare County Sheriff's vehicle
3%
What road does Shoupe announce that John B is driving down? Middle Road
3%
JJ says, "Once you get around that point it's a straight shot across the sound to ______ _____." Dismal Swap
2%
No matching quizzes found
Score Distribution
Percent of People with Each Score
Percentile by Number Answered
Your Score History
You have not taken this quiz